000
00239nam a22001097a 4500
082
_a
540
_b
ASC/R
100
_a
ASCEND PUBLICATION
245
_a
RAASAMOOLAKANGAL
260
_a
KOTTAYAM
_b
ASCEND PUBLICATIONS
_c
2007
300
_a
312
942
_c
BK
999
_c
4099
_d
4099